000 01108cam a22001935a 4500
001 L155400
008 120321s1792 xxk f 000 0 eng d
035 _a(Sirsi) u155400
041 0 _aeng
100 1 _aTaylor, William
245 0 4 _aThe measurer's assistant
_bor, mensuration made easy, by a new set of tables, Which shew, at one Point of View, The Superficial or Solid Content, in Feet, Inches, Parts, &c. of most Kinds of Superfices and Solids, either square, round, or unequal-sided; also The reducing of Deals to the Standard, with the Standard Weight. With other useful and original tables. By William Taylor, land surveyor.
260 _aBirmingham
_bprinted by J. Belcher. Sold by the author, W. Taylor, bookseller, Spiceal-Street; and the other booksellers in Birmingham; also by T. Vernor, Birchin-Lane, London
_c1792
300 _axxiii, [1], 455, [1] p.
_c8o
520 _aAt bottom of title page in square brackets: entered at Stationers Hall.
583 _aCondition reviewed
_c20120620
_lcondition level 4
651 4 _aGreat Britain
_y1707-
690 _aMeasurement
_96256
942 _n0
999 _c113543
_d113543